[Event "Asuncion Clasificatorio op 6th"]
[Site "Asuncion"]
[Date "2017.07.22"]
[Round "?"]
[White "Benitez, Raul Ivan"]
[Black "Barisch, Florian"]
[Result "1/2-1/2"]
[WhiteElo "1380"]
[BlackElo "1915"]
[PlyCount "82"]
[EventDate "2017.07.21"]
[EventType "swiss"]
[EventRounds "7"]
[EventCountry "PAR"]
[SourceTitle "EXT 2023"]
[Source "ChessBase"]
[SourceDate "2022.10.05"]
[SourceVersion "1"]
[SourceVersionDate "2022.10.05"]
[SourceQuality "1"]

1. e4 c5 2. d4 cxd4 3. c3 Nc6 4. cxd4 d5 5. e5 Bf5 6. Bd3 Bxd3 7. Qxd3 e6 8. Nf3 Nge7 9. 0-0 Nf5 10. Nc3 Be7 11. a3 0-0 12. h3 Rc8 13. b4 Nb8 14. Nd2 Qb6 15. Ne2 Nc6 16. Bb2 Rfe8 17. Nb3 Qd8 18. Rac1 f6 19. Nf4 Qd7 20. Nc5 Bxc5 21. Rxc5 fxe5 22. dxe5 Nce7 23. Rfc1 Rxc5 24. Rxc5 Rc8 25. Rxc8+ Qxc8 26. Qc3 Qxc3 27. Bxc3 Kf7 28. g4 Nh4 29. Ne2 Nc6 30. f4 a6 31. Kf2 g5 32. a4 gxf4 33. Nxf4 Ng6 34. Nxg6 Kxg6 35. h4 d4 36. Bb2 Nxe5 37. Kg3 Nc4 38. Bxd4 e5 39. Bc5 Nd2 40. h5+ Kf7 41. Be3 Nc4 1/2-1/2

[Event "Berlin Lichtenrade op 12th"]
[Site "Berlin"]
[Date "2016.10.27"]
[Round "6"]
[White "Buttkus, Andree"]
[Black "Barisch, Florian"]
[Result "1-0"]
[WhiteElo "2024"]
[BlackElo "1914"]
[PlyCount "59"]
[EventDate "2016.10.22"]
[EventType "swiss"]
[EventRounds "9"]
[EventCountry "GER"]
[SourceTitle "EXT 2018"]
[Source "ChessBase"]
[SourceDate "2017.10.13"]
[SourceVersion "1"]
[SourceVersionDate "2017.10.13"]
[SourceQuality "1"]

1. d4 e6 2. Bf4 Nf6 3. e3 Be7 4. Bd3 0-0 5. c3 b6 6. Qf3 Nc6 7. Nd2 Bb7 8. Qh3 d6 9. Ngf3 Bc8 10. Bg5 g6 11. Qh4 h5 12. Qg3 Kg7 13. Nh4 Qe8 14. f4 Nh7 15. Bxe7 Nxe7 16. e4 f5 17. 0-0 Qf7 18. Rae1 Re8 19. Re2 Bb7 20. Rfe1 Kh6 21. exf5 Nxf5 22. Qh3 Bc6 23. Bc4 d5 24. Bd3 Qf6 25. Nhf3 Kg7 26. Ne5 Bb7 27. Ndf3 Rad8 28. g4 hxg4 29. Nxg4 Qh4 30. Nxh4 1-0

[Event "Berlin Spandau op 1st"]
[Site "Berlin"]
[Date "2015.12.29"]
[Round "6"]
[White "Barisch, Florian"]
[Black "Baier, Reinhard"]
[Result "1/2-1/2"]
[WhiteElo "1902"]
[BlackElo "1971"]
[PlyCount "43"]
[EventDate "2015.12.27"]
[EventType "swiss"]
[EventRounds "7"]
[EventCountry "GER"]
[SourceTitle "EXT 2022"]
[Source "ChessBase"]
[SourceDate "2021.10.06"]
[SourceVersion "1"]
[SourceVersionDate "2021.10.06"]
[SourceQuality "1"]

1. d4 d5 2. Bf4 Nf6 3. e3 e6 4. Nd2 Bd6 5. Bg3 0-0 6. Ngf3 b6 7. Ne5 c5 8. c3 Bb7 9. Bd3 Ne4 10. f3 Nxg3 11. hxg3 h6 12. f4 Bxe5 13. fxe5 Qg5 14. Nf1 f5 15. Qf3 Nc6 16. Qf4 Kf7 17. Nd2 Rh8 18. Nf3 Qe7 19. Nd2 g5 20. Qf3 g4 21. Qf4 Qg5 22. Ke2 1/2-1/2

[Event "Goch op 26th"]
[Site "Goch"]
[Date "2015.09.06"]
[Round "7"]
[White "Barisch, Florian"]
[Black "Lindam, Ingo"]
[Result "0-1"]
[WhiteElo "1921"]
[BlackElo "2053"]
[PlyCount "171"]
[EventDate "2015.09.03"]
[EventType "swiss"]
[EventRounds "7"]
[EventCountry "GER"]
[SourceTitle "EXT 2018"]
[Source "ChessBase"]
[SourceDate "2017.10.13"]
[SourceVersion "1"]
[SourceVersionDate "2017.10.13"]
[SourceQuality "1"]

1. d4 Nf6 2. Nf3 g6 3. Bf4 Bg7 4. e3 d6 5. Be2 Nbd7 6. 0-0 Nh5 7. Bg5 h6 8. Bh4 g5 9. Bg3 Nxg3 10. hxg3 Nf6 11. Qd3 Bd7 12. c4 Qc8 13. Nc3 Bf5 14. Qd2 Ne4 15. Nxe4 Bxe4 16. Rfd1 c5 17. d5 b6 18. Qc1 Qf5 19. Ne1 Qf6 20. Rd2 Bf5 21. Bd3 Bd7 22. Rc2 h5 23. a4 a5 24. f3 g4 25. Rf2 Qh6 26. Kf1 h4 27. gxh4 g3 28. Rc2 Qxh4 29. Ke2 Qh1 30. Kd1 Rh2 31. Re2 Bh3 32. Qd2 Bd7 33. Kc2 Rh8 34. Kb3 Qh4 35. Qc2 Qf6 36. Qc3 Qh6 37. Qc2 0-0-0 38. Bf5 e6 39. dxe6 fxe6 40. Bg4 Bc6 41. e4 Kc7 42. Ka3 Bd4 43. Rd1 Qf6 44. Nd3 Rdg8 45. Qd2 e5 46. b3 Rh2 47. Qe1 Qh4 48. Bf5 Rh8 49. Qd2 Rf8 50. Bg4 Rf6 51. Ka2 Rh6 52. Ka3 Qe7 53. Ka2 Rg6 54. Bf5 Rg8 55. Ka3 Qf7 56. Qc2 Rg5 57. Bg4 Rg8 58. Qd2 Qf6 59. Qe1 Qh4 60. Bf5 Rh8 61. Qd2 Rf8 62. Bg4 Be8 63. Ka2 Bg6 64. Ka3 Rh8 65. Be6 Bh5 66. Ne1 Rf8 67. Bf5 Rh1 68. Qh6 Qe7 69. Qd2 Rg8 70. Ka2 Rf8 71. Ka3 Rh2 72. Ka2 Bf2 73. Ka3 Rh8 74. Ka2 Rh1 75. Ka3 Be8 76. Ka2 R8h6 77. Ka3 Bc6 78. Ka2 Qh4 79. Ka3 Rg1 80. Bh3 Qf6 81. Bf5 Rhh1 82. Ka2 Qh6 83. Qc3 Rxg2 84. Qd3 Rgh2 85. Bg4 Bxe1 86. Kb1 0-1

[Event "Hofheim Spring op-B 3rd"]
[Site "Hofheim"]
[Date "2015.04.11"]
[Round "9"]
[White "Beyer, Nils"]
[Black "Barisch, Florian"]
[Result "1/2-1/2"]
[WhiteElo "1698"]
[BlackElo "1918"]
[PlyCount "115"]
[EventDate "2015.04.07"]
[EventType "swiss"]
[EventRounds "9"]
[EventCountry "GER"]
[SourceTitle "EXT 2016"]
[Source "ChessBase"]
[SourceDate "2015.10.08"]
[SourceVersion "1"]
[SourceVersionDate "2015.10.08"]
[SourceQuality "1"]

1. d4 Nf6 2. c4 g6 3. g3 Bg7 4. Bg2 0-0 5. Nc3 d6 6. Nf3 Nbd7 7. 0-0 e5 8. e4 exd4 9. Nxd4 Re8 10. Re1 Ne5 11. b3 Bg4 12. Qc2 Bd7 13. f4 Nc6 14. Nxc6 Bxc6 15. Bb2 Bd7 16. Nd5 Nxd5 17. Bxg7 Kxg7 18. cxd5 Rc8 19. Qb2+ Kg8 20. Rad1 Bg4 21. Rd2 Qd7 22. Qd4 Qb5 23. h3 Bd7 24. Qxa7 c6 25. dxc6 Bxc6 26. Qd4 Qc5 27. Qxc5 dxc5 28. Rc2 b6 29. Kf2 Red8 30. Rec1 Rd4 31. Re2 Bb5 32. Rec2 Rcd8 33. e5 Kf8 34. Bf1 Bxf1 35. Kxf1 Ke7 36. Kf2 Ke6 37. Kf3 Rd3+ 38. Kg4 h5+ 39. Kh4 Kf5 40. Rc4 R3d4 41. Rxd4 cxd4 42. Rf1 d3 43. g4+ hxg4 44. hxg4+ Ke4 45. Kg5 d2 46. Rd1 Ke3 47. f5 gxf5 48. gxf5 Ke2 49. Rh1 d1Q 50. Rxd1 Kxd1 51. Kf6 Rd7 52. e6 fxe6 53. fxe6 Rd2 54. Kf7 Kc1 55. b4 Kb2 56. a4 Kb3 57. a5 bxa5 58. bxa5 1/2-1/2

[Event "Hofheim Spring op-B 3rd"]
[Site "Hofheim"]
[Date "2015.04.08"]
[Round "2"]
[White "Barisch, Florian"]
[Black "Engel, Jan"]
[Result "1-0"]
[WhiteElo "1918"]
[BlackElo "1670"]
[PlyCount "55"]
[EventDate "2015.04.07"]
[EventType "swiss"]
[EventRounds "9"]
[EventCountry "GER"]
[SourceTitle "CBM 166 Extra"]
[Source "ChessBase"]
[SourceDate "2015.06.18"]
[SourceVersion "1"]
[SourceVersionDate "2015.06.18"]
[SourceQuality "1"]

1. d4 d5 2. Bf4 Nf6 3. e3 c5 4. c3 Nc6 5. Bd3 e6 6. Nf3 Bd6 7. Bg3 0-0 8. Nbd2 b6 9. Ne5 Bb7 10. f4 Qc7 11. Qf3 Ne7 12. Bf2 Nf5 13. g4 Ne7 14. Rg1 cxd4 15. exd4 a6 16. Rg3 b5 17. a3 Qa5 18. Rc1 Rac8 19. Rh3 Rc7 20. g5 Ne4 21. Qh5 h6 22. Bxe4 dxe4 23. gxh6 g6 24. h7+ Kh8 25. Bh4 Nd5 26. Qg5 Be7 27. Qh6 Bd6 28. Nxe4 1-0

[Event "Leipzig VfB op 22nd"]
[Site "Leipzig"]
[Date "2015.03.08"]
[Round "9"]
[White "Barisch, Florian"]
[Black "Wartlick, Ole"]
[Result "1/2-1/2"]
[WhiteElo "1918"]
[BlackElo "2027"]
[PlyCount "71"]
[EventDate "2015.03.03"]
[EventType "swiss"]
[EventRounds "9"]
[EventCountry "GER"]
[SourceTitle "EXT 2016"]
[Source "ChessBase"]
[SourceDate "2015.10.08"]
[SourceVersion "1"]
[SourceVersionDate "2015.10.08"]
[SourceQuality "1"]

1. d4 Nf6 2. Bf4 g6 3. Nf3 Bg7 4. e3 0-0 5. c4 c5 6. Nc3 Na6 7. Be2 d6 8. 0-0 Nh5 9. Bg5 h6 10. Bh4 f5 11. Ne1 Nf6 12. Bxf6 Bxf6 13. Bf3 Nb4 14. Nd5 Nxd5 15. Bxd5+ e6 16. Bf3 Qc7 17. dxc5 dxc5 18. Qc2 Bd7 19. Nd3 Rad8 20. Rad1 b6 21. Rd2 g5 22. Rb1 g4 23. Be2 Bc6 24. Nf4 Kf7 25. Rbd1 Be5 26. Rxd8 Rxd8 27. Rxd8 Qxd8 28. Bxg4 Be4 29. Bh5+ Kf6 30. Qc1 b5 31. cxb5 Qa5 32. Be2 Qxa2 33. Qxc5 Qb1+ 34. Bf1 Bxf4 35. exf4 Bd5 36. Qf8+ 1/2-1/2

[Event "Leipzig VfB op 22nd"]
[Site "Leipzig"]
[Date "2015.03.07"]
[Round "8"]
[White "Graupner, Thomas"]
[Black "Barisch, Florian"]
[Result "0-1"]
[WhiteElo "1819"]
[BlackElo "1918"]
[PlyCount "74"]
[EventDate "2015.03.03"]
[EventType "swiss"]
[EventRounds "9"]
[EventCountry "GER"]
[SourceTitle "EXT 2016"]
[Source "ChessBase"]
[SourceDate "2015.10.08"]
[SourceVersion "1"]
[SourceVersionDate "2015.10.08"]
[SourceQuality "1"]

1. e4 c5 2. Nf3 Nc6 3. d4 cxd4 4. Nxd4 Nf6 5. Nc3 d6 6. Bc4 e6 7. Bb3 Be7 8. Be3 0-0 9. f4 a6 10. a4 Nxd4 11. Bxd4 b6 12. 0-0 Bb7 13. Qe2 Rb8 14. Rae1 Qc7 15. Qf2 Bc6 16. Qg3 b5 17. axb5 axb5 18. e5 Ne8 19. exd6 Bxd6 20. Ne4 Bxe4 21. Rxe4 Bc5 22. Bxc5 Qxc5+ 23. Qf2 Qc6 24. Re5 Nf6 25. Qc5 Qb7 26. Qc3 b4 27. Qf3 Qb6+ 28. Kh1 Qd4 29. Qe2 g6 30. g4 Qxb2 31. f5 Nxg4 32. Rxe6 fxe6 33. Bxe6+ Kh8 34. Qxg4 gxf5 35. Bxf5 Qg7 36. Qe4 Rfe8 37. Be6 Rb6 0-1

[Event "Leipzig VfB op 22nd"]
[Site "Leipzig"]
[Date "2015.03.03"]
[Round "1"]
[White "Bruesch, Robert"]
[Black "Barisch, Florian"]
[Result "1-0"]
[WhiteElo "1830"]
[BlackElo "1918"]
[PlyCount "45"]
[EventDate "2015.03.03"]
[EventType "swiss"]
[EventRounds "9"]
[EventCountry "GER"]
[SourceTitle "EXT 2016"]
[Source "ChessBase"]
[SourceDate "2015.10.08"]
[SourceVersion "1"]
[SourceVersionDate "2015.10.08"]
[SourceQuality "1"]

1. e4 c5 2. Nf3 Nc6 3. d4 cxd4 4. Nxd4 Nf6 5. Nxc6 bxc6 6. Nc3 d6 7. Bc4 e6 8. 0-0 Be7 9. Bb3 0-0 10. Bf4 d5 11. exd5 cxd5 12. Re1 Bb7 13. Qe2 Qb6 14. Rad1 Rfe8 15. Be5 Bc6 16. Bd4 Qb7 17. Qe5 Kh8 18. Rd3 Rg8 19. Rh3 Qb8 20. Qg5 Qf8 21. Ree3 h6 22. Bxd5 Nh7 23. Qxh6 1-0

[Event "Solingen Karneval op"]
[Site "Solingen"]
[Date "2015.02.14"]
[Round "2"]
[White "Barisch, Florian"]
[Black "Bub, Volker"]
[Result "0-1"]
[WhiteElo "1920"]
[BlackElo "2079"]
[PlyCount "63"]
[EventDate "2015.02.13"]
[EventType "swiss"]
[EventRounds "5"]
[EventCountry "GER"]
[SourceTitle "EXT 2016"]
[Source "ChessBase"]
[SourceDate "2015.10.08"]
[SourceVersion "1"]
[SourceVersionDate "2015.10.08"]
[SourceQuality "1"]

1. d4 f5 2. e4 fxe4 3. Nc3 Nf6 4. Bg5 Nc6 5. d5 Ne5 6. Qe2 Nf7 7. f4 c6 8. 0-0-0 d6 9. Bxf6 gxf6 10. Nxe4 Bg7 11. Nf3 0-0 12. Nc3 cxd5 13. Nxd5 e5 14. fxe5 dxe5 15. Kb1 Nd6 16. Nc3 Qe7 17. Nd5 Qf7 18. Qd2 Rd8 19. Qa5 Be6 20. Nc3 b6 21. Qb4 Nf5 22. Bd3 Nd4 23. Ne4 Bxa2+ 24. Ka1 Nxf3 25. gxf3 Rd4 26. Qa3 Be6 27. Kb1 Rad8 28. Rdg1 Kh8 29. Qc3 Ba2+ 30. Kc1 Bh6+ 31. Kd1 Bc4 32. Nf2 0-1

[Event "Eschborn op 11th"]
[Site "Eschborn"]
[Date "2014.09.06"]
[Round "3"]
[White "Barisch, Florian"]
[Black "Urbach, Jens"]
[Result "1-0"]
[WhiteElo "1832"]
[BlackElo "1359"]
[PlyCount "81"]
[EventDate "2014.09.05"]
[EventType "swiss"]
[EventRounds "5"]
[EventCountry "GER"]
[SourceTitle "EXT 2015"]
[Source "ChessBase"]
[SourceDate "2014.11.20"]
[SourceVersion "1"]
[SourceVersionDate "2014.11.20"]
[SourceQuality "1"]

1. d4 Nf6 2. Bf4 d5 3. e3 Bf5 4. Nf3 e6 5. c4 Bb4+ 6. Nc3 0-0 7. Qb3 Nc6 8. Be2 Ne4 9. 0-0 Nxc3 10. bxc3 Ba5 11. Qxb7 Ne7 12. Rac1 Ng6 13. Bg3 Qb8 14. Qa6 Qb6 15. Qxb6 Bxb6 16. c5 Ba5 17. Nd2 c6 18. Bd6 Rfe8 19. g4 Be4 20. f3 Bxf3 21. Nxf3 a6 22. Rb1 Ra7 23. Rb3 f5 24. Ne5 Nxe5 25. dxe5 fxg4 26. Bxg4 h6 27. Bh5 Rd8 28. Ra3 Bc7 29. Bf7+ Kh7 30. Bxe6 Re8 31. Bd7 Rd8 32. Bxc6 Bxd6 33. cxd6 a5 34. d7 Ra6 35. e6 Rxc6 36. e7 Rg6+ 37. Kh1 Rxd7 38. e8Q Rb7 39. Rxa5 Rgb6 40. Rg1 Rb1 41. Qg6+ 1-0

[Event "Rhein Main op-A 17th"]
[Site "Bad Homburg"]
[Date "2014.06.18"]
[Round "1"]
[White "Barisch, Florian"]
[Black "Baskin, Robert"]
[Result "1/2-1/2"]
[WhiteElo "1931"]
[BlackElo "2222"]
[PlyCount "148"]
[EventDate "2014.06.18"]
[EventType "swiss"]
[EventRounds "7"]
[EventCountry "GER"]
[SourceTitle "CBM 161 Extra"]
[Source "ChessBase"]
[SourceDate "2014.08.29"]
[SourceVersion "1"]
[SourceVersionDate "2014.08.29"]
[SourceQuality "1"]

1. d4 Nf6 2. Bf4 g6 3. e3 Bg7 4. Nf3 0-0 5. Nbd2 d6 6. h3 Nbd7 7. Bc4 c6 8. 0-0 Re8 9. Ng5 d5 10. Bd3 e5 11. dxe5 Nxe5 12. Bxe5 Rxe5 13. Ngf3 Re8 14. c3 b6 15. Re1 Bb7 16. Qa4 c5 17. Rad1 a6 18. Qf4 Qb8 19. Qh4 Qc7 20. Rc1 Rad8 21. Red1 h6 22. Qa4 b5 23. Qc2 Ne4 24. Re1 Qe7 25. Nh2 Qh4 26. Nxe4 dxe4 27. Be2 Rd5 28. Rcd1 Rg5 29. Kf1 Bc8 30. Bg4 Bxg4 31. Nxg4 h5 32. Nh2 Be5 33. f4 exf3 34. Nxf3 Qc4+ 35. Qd3 Qxd3+ 36. Rxd3 Rf5 37. Red1 Rf6 38. Rd8 Rxd8 39. Rxd8+ Kg7 40. Ke2 Bg3 41. Rc8 c4 42. Rd8 Kh6 43. Rd5 Kg7 44. Rd8 Rb6 45. Nd2 Re6 46. e4 Bd6 47. Rc8 Bf4 48. Rd8 Bxd2 49. Kxd2 Rxe4 50. Ra8 Re6 51. Ra7 h4 52. b3 Rd6+ 53. Ke2 Rd3 54. bxc4 bxc4 55. Rxa6 Rxc3 56. Rc6 Kh6 57. Rc5 f5 58. a4 Kg5 59. a5 Kf4 60. Kd2 Ra3 61. Rxc4+ Ke5 62. Rxh4 Rxa5 63. Ke2 g5 64. Rb4 Ra2+ 65. Kf3 Ra3+ 66. Kf2 f4 67. Rb5+ Kf6 68. Rb6+ Kf5 69. Rb5+ Kg6 70. Rb6+ Kh5 71. Rb5 Kh4 72. Rb8 Kh5 73. Rb5 Kg6 74. Rb6+ Kf5 1/2-1/2

[Event "Frankfurt-chA"]
[Site "Frankfurt"]
[Date "2014.05.19"]
[Round "4"]
[White "Barisch, Florian"]
[Black "Wagner, Guenter"]
[Result "1/2-1/2"]
[WhiteElo "1822"]
[BlackElo "1634"]
[PlyCount "51"]
[EventDate "2014.04.28"]
[EventType "swiss"]
[EventRounds "7"]
[EventCountry "GER"]
[SourceTitle "EXT 2015"]
[Source "ChessBase"]
[SourceDate "2014.11.20"]
[SourceVersion "1"]
[SourceVersionDate "2014.11.20"]
[SourceQuality "1"]

1. d4 Nf6 2. c4 g6 3. Nc3 d5 4. Bf4 Bg7 5. e3 0-0 6. Nf3 c5 7. Be2 Nc6 8. 0-0 dxc4 9. dxc5 Qa5 10. Qa4 Qxc5 11. Qxc4 Qxc4 12. Bxc4 Bg4 13. Ne5 Rac8 14. Bb5 Nxe5 15. Bxe5 Rfd8 16. h3 Bf5 17. Rad1 Bc2 18. Rd4 a6 19. Be2 b5 20. Rc1 Bf5 21. Rcd1 Rxd4 22. Rxd4 Be6 23. a3 Nd7 24. Bxg7 Kxg7 25. Bf3 Rc7 26. a4 1/2-1/2

[Event "Hofheim Spring op-B 2nd"]
[Site "Hofheim"]
[Date "2014.04.25"]
[Round "6"]
[White "Niedenthal, Robert"]
[Black "Barisch, Florian"]
[Result "0-1"]
[WhiteElo "1861"]
[BlackElo "1943"]
[PlyCount "136"]
[EventDate "2014.04.22"]
[EventType "swiss"]
[EventRounds "9"]
[EventCountry "GER"]
[SourceTitle "CBM 160 Extra"]
[Source "ChessBase"]
[SourceDate "2014.07.01"]
[SourceVersion "1"]
[SourceVersionDate "2014.07.01"]
[SourceQuality "1"]

1. e4 c5 2. Nc3 Nc6 3. d3 d6 4. Be3 g6 5. d4 cxd4 6. Bxd4 Nxd4 7. Qxd4 Nf6 8. e5 dxe5 9. Bb5+ Bd7 10. Qxe5 a6 11. Bxd7+ Qxd7 12. Rd1 Qf5 13. Qxf5 gxf5 14. Nf3 e6 15. 0-0 Bc5 16. h3 Ke7 17. Rd3 Rhg8 18. Rfd1 Rg7 19. Ne1 Rag8 20. Kf1 h5 21. f3 h4 22. Ne2 Nd5 23. Rxd5 exd5 24. Rxd5 Bd6 25. Rxf5 Rg5 26. Rxg5 Rxg5 27. Nd3 Bc5 28. a3 Be3 29. f4 Rg8 30. Nc3 Ke6 31. Nd1 Bd4 32. c3 Ba7 33. N1f2 Bxf2 34. Kxf2 Kf5 35. a4 b6 36. Nb4 Rd8 37. Ke3 a5 38. Nc6 Rd1 39. Nd4+ Kg6 40. Ke2 Rg1 41. f5+ Kf6 42. Kf3 Rb1 43. b3 Rc1 44. Ne2 Rb1 45. Nd4 Rb2 46. g4 hxg3 47. Kxg3 Ke5 48. Kf3 Rh2 49. Kg3 Rh1 50. Kg2 Rd1 51. b4 axb4 52. Nc6+ Kd5 53. Nxb4+ Kc4 54. Nc6 Kxc3 55. a5 b5 56. a6 b4 57. a7 Ra1 58. Nxb4 Kxb4 59. Kg3 Rxa7 60. Kg4 f6 61. Kh5 Rg7 62. h4 Kc5 63. Kh6 Rg4 64. h5 Kd6 65. Kh7 Ke5 66. h6 Kxf5 67. Kh8 Kg6 68. h7 Ra4 0-1

[Event "Hofheim Spring op-B 2nd"]
[Site "Hofheim"]
[Date "2014.04.24"]
[Round "4"]
[White "Schellen, Sven"]
[Black "Barisch, Florian"]
[Result "1-0"]
[WhiteElo "1802"]
[BlackElo "1943"]
[PlyCount "71"]
[EventDate "2014.04.22"]
[EventType "swiss"]
[EventRounds "9"]
[EventCountry "GER"]
[SourceTitle "CBM 160 Extra"]
[Source "ChessBase"]
[SourceDate "2014.07.01"]
[SourceVersion "1"]
[SourceVersionDate "2014.07.01"]
[SourceQuality "1"]

1. d4 Nf6 2. c4 g6 3. Nc3 Bg7 4. Nf3 0-0 5. Bf4 d6 6. e3 Nbd7 7. Be2 c5 8. h3 b6 9. 0-0 Bb7 10. d5 h6 11. Qc2 Ba6 12. Rad1 Re8 13. Rd2 Bc8 14. Re1 Nf8 15. Bf1 g5 16. Bh2 N6d7 17. Ne2 Ng6 18. Ng3 Nde5 19. Nxe5 Bxe5 20. Bd3 Nf8 21. Nh5 Bh8 22. e4 Ng6 23. f4 Nxf4 24. Nxf4 gxf4 25. Bxf4 Bg7 26. e5 dxe5 27. Bxe5 Bxe5 28. Rxe5 Qd6 29. Rde2 a6 30. Qd2 Ra7 31. Qe3 Qf6 32. Rf2 Qg7 33. Rf3 Kh8 34. Rh5 Qd4 35. Qxd4+ cxd4 36. Rg3 1-0

[Event "Hofheim Spring op-B 2nd"]
[Site "Hofheim"]
[Date "2014.04.23"]
[Round "2"]
[White "Zyla, Lennert"]
[Black "Barisch, Florian"]
[Result "0-1"]
[WhiteElo "1523"]
[BlackElo "1943"]
[PlyCount "82"]
[EventDate "2014.04.22"]
[EventType "swiss"]
[EventRounds "9"]
[EventCountry "GER"]
[SourceTitle "CBM 160 Extra"]
[Source "ChessBase"]
[SourceDate "2014.07.01"]
[SourceVersion "1"]
[SourceVersionDate "2014.07.01"]
[SourceQuality "1"]

1. e4 c5 2. Nf3 Nc6 3. d4 cxd4 4. Nxd4 Nf6 5. Nc3 d6 6. Bg5 e6 7. Qd2 Be7 8. h4 h6 9. Be3 Ng4 10. g3 Nxe3 11. Qxe3 0-0 12. 0-0-0 a6 13. Kb1 Nxd4 14. Qxd4 b5 15. Bg2 Bb7 16. Rhg1 Qc7 17. Ne2 a5 18. f4 b4 19. h5 Rfd8 20. Qd2 Qb6 21. Qd4 Qb5 22. Qd3 Qb6 23. g4 a4 24. Qd4 Qa5 25. c3 bxc3 26. Qxc3 Qa7 27. Qd4 Qb8 28. Qb4 Bf6 29. Qa3 Ba6 30. Nd4 Bb7 31. Nc2 Ra5 32. Rge1 Rb5 33. Nd4 Rb4 34. Qc3 Rc8 35. Qa3 Rxd4 36. Rxd4 Bxd4 37. Rd1 Bf6 38. Rd2 Bc6 39. Rc2 Qb7 40. Re2 Qb6 41. Bh3 Qg1+ 0-1

[Event "Leipzig VfB op 21st"]
[Site "Leipzig"]
[Date "2014.03.08"]
[Round "8"]
[White "Brylski, Nils"]
[Black "Barisch, Florian"]
[Result "0-1"]
[WhiteElo "1351"]
[BlackElo "1945"]
[PlyCount "56"]
[EventDate "2014.03.04"]
[EventType "tourn"]
[EventRounds "9"]
[EventCountry "GER"]
[SourceTitle "CBM 159 Extra"]
[Source "ChessBase"]
[SourceDate "2014.04.24"]
[SourceVersion "1"]
[SourceVersionDate "2014.04.24"]
[SourceQuality "1"]

1. d4 Nf6 2. c4 g6 3. Nc3 Bg7 4. Nf3 0-0 5. e4 d6 6. Be2 Nbd7 7. 0-0 e5 8. Bg5 h6 9. Bxf6 Bxf6 10. d5 a5 11. Qc2 Nc5 12. a3 a4 13. h3 Bg7 14. Rad1 f5 15. Bd3 f4 16. Be2 g5 17. Ne1 Qe8 18. Nd3 Nb3 19. Nb5 Qe7 20. Bg4 Bxg4 21. hxg4 c6 22. Nc3 Nd4 23. Qd2 f3 24. g3 Qd7 25. Kh2 Qxg4 26. Rh1 h5 27. Qe1 h4 28. Qg1 Rf6 0-1

[Event "Guben op 17th"]
[Site "Guben"]
[Date "2014.01.04"]
[Round "6"]
[White "Barisch, Florian"]
[Black "Andre, Gordon"]
[Result "0-1"]
[WhiteElo "1935"]
[BlackElo "2314"]
[PlyCount "102"]
[EventDate "2014.01.02"]
[EventType "swiss"]
[EventRounds "9"]
[EventCountry "GER"]
[SourceTitle "EXT 2015"]
[Source "ChessBase"]
[SourceDate "2014.11.20"]
[SourceVersion "1"]
[SourceVersionDate "2014.11.20"]
[SourceQuality "1"]

1. d4 Nf6 2. Bf4 c5 3. e3 d5 4. Nf3 Nc6 5. c3 Qb6 6. Qb3 c4 7. Qc2 Bf5 8. Qc1 h6 9. h3 Rc8 10. Nbd2 e6 11. Be2 Be7 12. 0-0 0-0 13. Re1 Bh7 14. Bd1 Qa6 15. Bc2 Bd3 16. Bh2 Ne4 17. Rd1 Be2 18. Re1 Bd3 19. Rd1 b5 20. a3 Bxc2 21. Qxc2 f5 22. Rf1 Qb7 23. Ne5 Bf6 24. Nxe4 fxe4 25. Nxc6 Rxc6 26. f3 exf3 27. Rxf3 Rcc8 28. Raf1 Qe7 29. e4 Bg5 30. Bf4 Bxf4 31. Rxf4 Rxf4 32. Rxf4 e5 33. dxe5 Qxe5 34. Rf5 Qg3 35. Rxd5 Qe3+ 36. Kh1 Rf8 37. Rf5 Rxf5 38. exf5 Qe1+ 39. Kh2 Kf7 40. g4 Kf6 41. Qg2 Kg5 42. Qg3 Qd2+ 43. Qg2 Qc1 44. Qf2 Qf4+ 45. Qg3 Qd2+ 46. Kg1 Qc1+ 47. Kf2 Qxb2+ 48. Ke1 Qc1+ 49. Ke2 Qc2+ 50. Ke1 Qe4+ 51. Kd1 Qd3+ 0-1

[Event "Berlin Lichtenrade op 09th"]
[Site "Berlin"]
[Date "2013.09.28"]
[Round "1"]
[White "Barisch, Florian"]
[Black "Romanishin, Oleg M"]
[Result "0-1"]
[WhiteElo "1938"]
[BlackElo "2499"]
[PlyCount "84"]
[EventDate "2013.09.28"]
[EventType "swiss"]
[EventRounds "9"]
[EventCountry "GER"]
[SourceTitle "CBM 156 Extra"]
[Source "ChessBase"]
[SourceDate "2013.10.22"]
[SourceVersion "1"]
[SourceVersionDate "2013.10.22"]
[SourceQuality "1"]

1. d4 Nf6 2. Nf3 g6 3. Bf4 Bg7 4. e3 c5 5. c3 Qb6 6. Qb3 0-0 7. Be2 d6 8. 0-0 Be6 9. Qc2 Nc6 10. Ng5 Bf5 11. Qb3 e5 12. dxe5 dxe5 13. Bg3 Rad8 14. Rd1 Qxb3 15. axb3 Bc2 16. Re1 Bxb3 17. Na3 h6 18. Nf3 Ne4 19. Bd1 Bxd1 20. Rexd1 Nxg3 21. hxg3 Rxd1+ 22. Rxd1 e4 23. Ne1 Rd8 24. Rxd8+ Nxd8 25. Nb5 a6 26. Nc7 f5 27. Kf1 Kf7 28. Nd5 g5 29. Nb6 Ke6 30. Ke2 Be5 31. Nc2 Nc6 32. Kd2 Bc7 33. Na4 Kd5 34. b3 b5 35. Nb2 Be5 36. Nd1 Na5 37. Na1 h5 38. Kc2 Nb7 39. Kd2 Nd6 40. Nc2 a5 41. Nb2 Kc6 42. Nd1 b4 0-1

[Event "Frankfurt-chA"]
[Site "Frankfurt"]
[Date "2013.06.10"]
[Round "6"]
[White "Barisch, Florian"]
[Black "Mussler, Thomas"]
[Result "0-1"]
[WhiteElo "1974"]
[BlackElo "2090"]
[PlyCount "138"]
[EventDate "2013.04.29"]
[EventType "swiss"]
[EventRounds "7"]
[EventCountry "GER"]
[SourceTitle "EXT 2014"]
[Source "ChessBase"]
[SourceDate "2013.11.20"]
[SourceVersion "1"]
[SourceVersionDate "2013.11.20"]
[SourceQuality "1"]

1. e4 e6 2. d4 d5 3. e5 c5 4. c3 Nc6 5. Nf3 Bd7 6. Bd3 Qb6 7. 0-0 cxd4 8. cxd4 Nxd4 9. Nxd4 Qxd4 10. Re1 Ne7 11. Nc3 a6 12. Qe2 Ng6 13. Bc2 Be7 14. Bd2 0-0 15. Rad1 Qh4 16. Bb3 Bc6 17. g3 Qh3 18. Qf1 Qxf1+ 19. Kxf1 Bc5 20. f4 Ne7 21. Bc2 g6 22. Be3 Bb4 23. Bd4 Nf5 24. Bxf5 gxf5 25. a3 Be7 26. Kf2 b5 27. Ne2 Rfc8 28. Rc1 Bd7 29. Rxc8+ Rxc8 30. Rc1 Rc4 31. Ke3 Kf8 32. Rxc4 dxc4 33. Bb6 Bc6 34. Kd4 Ke8 35. Bc5 Bd8 36. Bd6 Bb6+ 37. Bc5 Ba5 38. Bb4 Bb6+ 39. Bc5 Bd8 40. Bd6 Kd7 41. Kc5 Be4 42. Nc3 Bf3 43. Na2 Kc8 44. Nb4 Kb7 45. Kd4 a5 46. Nc2 Kc6 47. Bc5 Bb6 48. Bxb6 Kxb6 49. Ne3 Be2 50. Nc2 Bd3 51. Ne3 Kc6 52. Nd1 b4 53. axb4 axb4 54. h3 Be2 55. Ne3 Kb5 56. Nc2 Bd3 57. Ne3 Be2 58. g4 fxg4 59. hxg4 c3 60. b3 Bf3 61. f5 Bxg4 62. fxe6 Bxe6 63. Kd3 Bxb3 64. Nf5 Be6 65. Nd6+ Ka4 66. Kc2 h5 67. Nb7 h4 68. Nc5+ Ka3 69. Kb1 h3 0-1

[Event "Frankfurt-chA"]
[Site "Frankfurt"]
[Date "2013.05.13"]
[Round "3"]
[White "Popp, Matthias"]
[Black "Barisch, Florian"]
[Result "0-1"]
[WhiteElo "1514"]
[BlackElo "1974"]
[PlyCount "38"]
[EventDate "2013.04.29"]
[EventType "swiss"]
[EventRounds "7"]
[EventCountry "GER"]
[SourceTitle "EXT 2014"]
[Source "ChessBase"]
[SourceDate "2013.11.20"]
[SourceVersion "1"]
[SourceVersionDate "2013.11.20"]
[SourceQuality "1"]

1. d4 Nf6 2. Nf3 d5 3. Bf4 e6 4. e3 c5 5. Nbd2 Nc6 6. c3 Bd6 7. Bd3 0-0 8. b3 Bxf4 9. exf4 cxd4 10. Qc2 dxc3 11. Qxc3 Qd6 12. g3 Bd7 13. h4 Rac8 14. a3 d4 15. Qb2 e5 16. Nc4 Qd5 17. 0-0 Qxf3 18. Be2 Qd5 19. fxe5 Bh3 0-1